000
00313nam a22001457a 4500
008
210303b ||||| |||| 00| 0 eng d
020
_a
0673147606
041
_a
eng
080
_a
038
082
_a
038
100
_a
23
101
_a
FJA
245
_a
Promenades et Perspectives
_c
Valdman, A
942
_2
udc
_c
BK
999
_c
55626
_d
55626